Introduction to biotechnology : principles andapplications vol 2

Bibliographic Details
Format: Book
Published: K.L : PTS Professional Publishing , 2011
Subjects:

MARC

LEADER 00000cam a2200000 7i4500
001 0000040414
005 20140409.0
008 140409
020 |a 8187746785 
090 0 0 |a 660.6   |b SIN 
245 1 0 |a Introduction to biotechnology :   |b principles andapplications vol 2 
260 |a K.L :   |b PTS Professional Publishing ,   |c 2011 
650 0 |a Education   |x Management   |z Malaysia 
650 0 |a School management and organization   |z Malaysia 
999 |a 0001279561   |b Book   |c Adult Collection   |e Perbadanan Perpustakaan Awam Johor